LEADER 01217nam0 22002771i 450 001 UON00489512 005 20231205105325.915 100 $a20180626d1974 |0itac50 ba 101 $aeng 102 $aGB 105 $a|||| 1|||| 200 1 $aPassage to America$ea history of emigrants from Great Britain and Ireland to America in the mid-nineteenth century$fTerry Coleman 210 $aLondon$cPenguin Books$d1974 215 $a377 p., [8] c. di tav.$cill.$d18 cm. 606 $aEmigrazione$xGran Bretagna$xSec. 19.$3UONC093954$2FI 606 $aEmigrazione$xIrlanda$xStoria$xSec. 19.$3UONC093955$2FI 620 $aGB$dLondon$3UONL003044 676 $a304.873041$cFattori influenzanti il comportamento sociale. Migrazione verso gli Stati Uniti dalle Isole Britanniche$v21 700 1$aCOLEMAN$bTerry$3UONV217073$0711369 712 $aPenguin Books$3UONV246450$4650 801 $aIT$bSOL$c20250704$gRICA 899 $aSIBA - SISTEMA BIBLIOTECARIO DI ATENEO$2UONSI 912 $aUON00489512 950 $aSIBA - SISTEMA BIBLIOTECARIO DI ATENEO$dSI V A 0146 $eSI SNA809 7 0146 996 $aPassage to America$91524689 997 $aUNIOR